Previous years' Papers of CLAT,AILET PU and DU: (Record no. 175298)

MARC details
000 -LEADER
fixed length control field 00692nam a22001937a 4500
005 - DATE AND TIME OF LATEST TRANSACTION
control field 20200821143909.0
010 ## - LCCN (DPL NO)
LC control number ENG-128364
020 ## - INTERNATIONAL STANDARD BOOK NUMBER
Terms of availability 699.00
International Standard Book Number 9789353436919
035 ## - SYSTEM CONTROL NUMBER
System control number EN-111896
037 ## - SOURCE OF ACQUISITION
Source of stock number/acquisition DBAD/PUB
082 ## - DEWEY DECIMAL CLASSIFICATION NUMBER
Classification number 000
100 ## - MAIN ENTRY--PERSONAL NAME
Personal name Bhardwaj,A.P
245 ## - TITLE STATEMENT
Title Previous years' Papers of CLAT,AILET PU and DU:
Statement of responsibility, etc by A.P. Bhardwaj
Remainder of title also useful for HPU,KU,BHU,AIL MAH (CET),HP (NLU),and symbiosis
250 ## - EDITION STATEMENT
Edition statement 4th ed.
260 ## - PUBLICATION, DISTRIBUTION, ETC. (IMPRINT)
Place of publication, distribution, etc Noida
Name of publisher, distributor, etc Pearson
Date of publication, distribution, etc 2020
270 ## - ADDRESS
Address 15th floor,Tower-B,Word Trade Tower,Plot no.1,Block-C sec 16,
City Noida
Postal code 201301
Telephone number 04466540100
Electronic mail address companysecretary.india@pearson.com
300 ## - PHYSICAL DESCRIPTION
Extent xv;781p.
Dimensions 25cm(pbk)
942 ## - ADDED ENTRY ELEMENTS (KOHA)
Source of classification or shelving scheme Dewey Decimal Classification
Item type English Books
Classification part 000
Call number suffix BHA
Holdings
Withdrawn status Lost status Not for loan Collection code Home library Current library Date acquired Source of acquisition Cost, normal purchase price Full call number Barcode Copy number Cost, replacement price Koha item type
      Non-fiction Ashok Vihar Ashok Vihar 21/08/2020 DBAD 699.00 000 BHA EN-111896 1 699.00 English Books

© Delhi Public Library
Hit Counter
free hit counter